| 000 | 00463nam a2200169Ia 4500 | ||
|---|---|---|---|
| 999 |
_c1714 _d1714 |
||
| 003 | OSt | ||
| 005 | 20200925115922.0 | ||
| 008 | 190216s9999||||xx |||||||||||||| ||und|| | ||
| 040 | _coclc | ||
| 082 |
_a574.5 _bARU/C |
||
| 100 |
_aArumugam, N _94911 |
||
| 245 | 0 |
_aConcepts Of Ecology / _cN Arumugam |
|
| 260 |
_bSaras Publications, _aNagercoil: _c1983. |
||
| 300 | _a788p | ||
| 650 | _aBotany | ||
| 942 |
_cBK _2ddc _h574.5 _iARU/C _k574.5 _mARU/C |
||